| 000 -ლიდერი |
| ფიქსირებული სიგრძის საკონტროლო ველი |
01567nam a2200265Ia 4500 |
| 001 - საკონტროლო ნომერი |
| საკონტროლო ველი |
593 |
| 003 - საკონტროლო ნომრის იდენტიფიკატორი |
| საკონტროლო ველი |
GE_BSU |
| 005 - ბოლო ოპერაციის თარიღი და დრო |
| საკონტროლო ველი |
20210217113018.0 |
| 008 - ფიქსირებული სიგრძის მონაცემთა ელემენტები - ზოგადი ინფორმაცია |
| ფიქსირებული სიგრძის საკონტროლო ველი |
181216s2006||||ge |||||||||||||| ||geo|| |
| 020 ## - წიგნის საერთაშორისო სტანდარტული ნომერი |
| International Standard Book Number |
2315 |
| 040 ## - კატალოგიზაციის წყარო |
| Transcribing agency |
GE_BSU |
| 041 ## - ენის კოდი |
| Language code of text/sound track or separate title |
geo |
| 080 ## - უნივერსალური ათობითი კლასიფიკაციის ინდექსი |
| Universal Decimal Classification number |
616.3.1(075.8) თ-19 |
| 245 ## - ცნობა სათაურის შესახებ |
| Title |
თავისა და კისრის ტოპოგრაფიული ანატომია და თერაპიული ქირურგია / |
| Statement of responsibility, etc |
ლიანა კიკალიშვილი, მანანა რამიშვილი, ქეთევან თურმანიძე, თამარ თურმანიძე ; რედაქტორები: ლ.კიკალიშვილი , მ.რამიშვილი. |
| 264 ## - წარმოების, გამოცემის, დისტრიბუციის და სხვა ცნობები |
| გამოცემის, წარმოების, დისტრიბუციის... ადგილი |
თბილისი : |
| გამოცემის, წარმოების, დისტრიბუციის... სახელწოდება |
პოლიგრაფი, |
| გამოცემის, წარმოების, დისტრიბუციის... თარიღი |
2006. |
| 300 ## - ფიზიკური აღწერა |
| Extent |
339 გვ.: |
| Other physical details |
85 სურ. |
| 653 ## - INDEX TERM--UNCONTROLLED |
| Uncontrolled term |
თავისა და კისრის ტოპოგრაფიული ანატომია |
| 653 ## - INDEX TERM--UNCONTROLLED |
| Uncontrolled term |
თერაპიული ქირურგია |
| 653 ## - INDEX TERM--UNCONTROLLED |
| Uncontrolled term |
მედიცინა |
| 700 ## - ADDED ENTRY--PERSONAL NAME |
| Personal name |
კიკალიშვილი, ლიანა |
| Relator term |
ავტორი, რედაქტორი |
| 9 (RLIN) |
10139 |
| 700 ## - ADDED ENTRY--PERSONAL NAME |
| Personal name |
რამიშვილი, მანანა |
| Relator term |
ავტორი,რედაქტორი |
| 9 (RLIN) |
10140 |
| 700 ## - ADDED ENTRY--PERSONAL NAME |
| Personal name |
თურმანიძე, ქეთევან |
| Relator term |
ავტორი |
| 9 (RLIN) |
10141 |
| 700 ## - ADDED ENTRY--PERSONAL NAME |
| Personal name |
თურმანიძე,თამარ |
| Relator term |
ავტორი |
| 9 (RLIN) |
10142 |
| 942 ## - ADDED ENTRY ELEMENTS (KOHA) |
| Koha item type |
წიგნი |
| Source of classification or shelving scheme |
|